世界の国々(簡単モード) - Statistics

General Stats
  • This quiz has been taken 24 times
  • The average score is 158 of 197
Answers on the Map
Answers color-coded by a green-red scale on the quiz's map according to % correct below.
 
Answer Stats
Answer % Correct
アイスランド
95%
アイルランド
95%
アメリカ合衆国
95%
アルゼンチン
95%
イギリス
95%
イタリア
95%
ウクライナ
95%
エクアドル
95%
エストニア
95%
カナダ
95%
コロンビア
95%
コンゴ共和国
95%
コンゴ民主共和国
95%
スイス
95%
スウェーデン
95%
スペイン
95%
チリ
95%
デンマーク
95%
ドイツ
95%
ノルウェー
95%
パナマ
95%
フランス
95%
ブラジル
95%
ペルー
95%
ポルトガル
95%
ポーランド
95%
ルクセンブルク
95%
ロシア
95%
アフガニスタン
90%
アルジェリア
90%
イスラエル
90%
イラク
90%
イラン
90%
インド
90%
インドネシア
90%
ウズベキスタン
90%
ウルグアイ
90%
エジプト
90%
エチオピア
90%
オランダ王国
90%
オーストラリア
90%
カザフスタン
90%
カタール
90%
ガーナ
90%
キューバ
90%
ギニア
90%
サウジアラビア
90%
スリランカ
90%
スーダン
90%
タイ
90%
タンザニア
90%
ドミニカ共和国
90%
ドミニカ国
90%
ナイジェリア
90%
ハンガリー
90%
パラグアイ
90%
フィリピン
90%
フィンランド
90%
ブータン
90%
ベトナム
90%
ベルギー
90%
マダガスカル
90%
マレーシア
90%
メキシコ
90%
モロッコ
90%
ラトビア
90%
中国
90%
南アフリカ共和国
90%
韓国
90%
アラブ首長国連邦
85%
アルメニア
85%
オマーン
85%
オーストリア
85%
カンボジア
85%
ガイアナ
85%
ギリシャ
85%
ケニア
85%
コスタリカ
85%
スロベニア
85%
ソマリア
85%
チェコ
85%
トルクメニスタン
85%
トルコ
85%
ニュージーランド
85%
ネパール
85%
バチカン市国
85%
バングラデシュ
85%
パキスタン
85%
パプアニューギニア
85%
ブルガリア
85%
ベネズエラ
85%
ベラルーシ
85%
ボリビア
85%
マリ
85%
ミャンマー
85%
モンゴル
85%
ラオス
85%
リトアニア
85%
リヒテンシュタイン
85%
リビア
85%
中央アフリカ
85%
北朝鮮
85%
南スーダン
85%
台湾
85%
日本
85%
赤道ギニア
85%
アゼルバイジャン
80%
アンゴラ
80%
イエメン
80%
ウガンダ
80%
キルギス
80%
ギニアビサウ
80%
シリア
80%
シンガポール
80%
ジャマイカ
80%
ジョージア
80%
ジンバブエ
80%
スリナム
80%
スロバキア
80%
セネガル
80%
タジキスタン
80%
ツバル
80%
ニジェール
80%
バーレーン
80%
モザンビーク
80%
ルーマニア
80%
レソト
80%
レバノン
80%
アルバニア
75%
エリトリア
75%
エルサルバドル
75%
ガンビア
75%
キプロス
75%
クウェート
75%
コートジボワール
75%
セルビア
75%
チャド
75%
トンガ
75%
トーゴ
75%
パラオ
75%
ブルキナファソ
75%
ホンジュラス
75%
ミクロネシア連邦
75%
モナコ
75%
ヨルダン
75%
ルワンダ
75%
北マケドニア
75%
東ティモール
75%
アンドラ
70%
エスワティニ
70%
キリバス
70%
クロアチア
70%
サンマリノ
70%
ザンビア
70%
セーシェル
70%
チュニジア
70%
ハイチ
70%
バハマ
70%
フィジー
70%
ブルネイ
70%
ベナン
70%
マルタ
70%
マーシャル諸島
70%
モルディブ
70%
モルドバ
70%
モンテネグロ
70%
モーリタニア
70%
リベリア
70%
アンティグア・バーブーダ
65%
カメルーン
65%
グアテマラ
65%
シエラレオネ
65%
ジブチ
65%
セントビンセント・グレナディーン
65%
ナウル
65%
ナミビア
65%
ブルンジ
65%
ベリーズ
65%
ボツワナ
65%
カーボベルデ
60%
ソロモン諸島
60%
ニカラグア
60%
ボスニア・ヘルツェゴビナ
60%
マラウイ
60%
ガボン
55%
モーリシャス
55%
コソボ
50%
コモロ
50%
サモア
50%
サントメ・プリンシペ
50%
セントクリストファー・ネイビス
50%
セントルシア
50%
バヌアツ
50%
バルバドス
50%
パレスチナ
45%
グレナダ
40%
トリニダード・トバゴ
30%
No matching quizzes found
Score Distribution
Percent of People with Each Score
Percentile by Number Answered
Your Score History
You have not taken this quiz